• 首页
  • 本馆介绍
  • 公告通知
  • 最新文献
  • 馆藏检索
  • 电子资源
  • 读者导购
  • 参考咨询
  • 我的图书馆
  • 登录
  • 详细信息显示
  • 放入我的书架
  • 预约/预借图书
  • 作者相关作品
  • 分类相关作品
  • 丛书相关作品
  • 出版社相关作品

书目信息

  • 表格格式
  • 工作单格式
  • 卡片格式
题名:
美国电影分析
    
 
作者: 胡克 , 游飞 主编
分册:  
出版信息: 北京   中国广播电视出版社  2007
页数: 331页
开本: 24cm
丛书名:
单 册:
中图分类: J905.712
科图分类:
主题词: 电影评论--美国--教材
电子资源:
ISBN: 978-7-5043-5172-2
000 00846nam0 2200241 450
001 1540759258
005 20150118112032.35
010    @a978-7-5043-5172-2@dCNY43.00
100    @a20070327d2007 em y0chiy50 ea
101 0  @achi
102    @aCN@b110000
105    @ay z 000yy
200 1  @a美国电影分析@9mei guo dian ying fen xi@f胡克,游飞主编
210    @a北京@c中国广播电视出版社@d2007
215    @a331页@d24cm
300    @a影片分析系列教程/刘书亮总编
330    @a本书介绍了《乱世佳人》、《卡萨布兰卡》、《雨中曲》、《沉默的羔羊》等30部优秀的美国电影。从导演、剧情、人物、主题等多方面对经典个案进行剖析,具有学术权威价值。
606 0  @a电影评论@y美国@j教材
690    @aJ905.712@v5
701  0 @a胡克@9hu ke@f(1946~)@4主编
701  0 @a游飞@9you fei@c(影视艺术)@4主编
801  0 @aCN@bTSSF@c20150118
905    @aZUCC@dJ905.712@eJY53
    
    美国电影分析/胡克,游飞主编.-北京:中国广播电视出版社,2007
    331页;24cm
    影片分析系列教程/刘书亮总编
    
    ISBN 978-7-5043-5172-2:CNY43.00
    本书介绍了《乱世佳人》、《卡萨布兰卡》、《雨中曲》、《沉默的羔羊》等30部优秀的美国电影。从导演、剧情、人物、主题等多方面对经典个案进行剖析,具有学术权威价值。
●
相关链接 在E读中查询图书 在五车中查询图书 在当当中查询图书 在豆瓣中查询图书


正题名:美国电影分析     索取号:J905.712/JY53         预约/预借

序号 登录号 条形码 馆藏地/架位号 状态 备注
1 7853335   278533357   学院路分馆/ [索取号:J905.712/JY53] 在馆    
2 7853336   278533366   学院路分馆/ [索取号:J905.712/JY53] 在馆    
唐山师范学院图书馆 欢迎您!
大连网信软件有限公司© 版权所有